Ley hipotecaria reformada y Reglamento general para su ejecución. (Record no. 153767)

MARC details
000 -LEADER
campo de control de longitud fija 00928nam a22002535i 4500
001 - NÚMERO DE CONTROL
campo de control 153767
003 - IDENTIFICADOR DE NÚMERO DE CONTROL
campo de control ES-MaACL
005 - FECHA Y HORA DE LA ÚLTIMA TRANSACCIÓN
campo de control 20250827062632.0
008 - DATOS DE LONGITUD FIJA--INFORMACIÓN GENERAL
campo de control de longitud fija 970414s1870 sp d |||| | spa d
040 ## - FUENTE DE CATALOGACIÓN
Centro catalogador/agencia de origen CYL
Lengua de catalogación spa
Centro/agencia transcriptor CYL
110 1# - ENTRADA PRINCIPAL--NOMBRE DE ENTIDAD CORPORATIVA
Nombre de entidad corporativa o nombre de jurisdicción como elemento de entrada España
9 (RLIN) 3622
240 10 - TÍTULO UNIFORME
Título uniforme Leyes etc., de hipotecas
245 10 - MENCIÓN DEL TÍTULO
Título Ley hipotecaria reformada y Reglamento general para su ejecución.
250 ## - MENCION DE EDICION
Mención de edición Edición oficial.
260 ## - PUBLICACIÓN, DISTRIBUCIÓN, ETC.
Lugar de publicación, distribución, etc. Madrid :
Nombre del editor, distribuidor, etc. [s.n.],
Fecha de publicación, distribución, etc. 1870 (
Fabricante Imprenta del Ministerio de Gracia y Justicia)
300 ## - DESCRIPCIÓN FÍSICA
Extensión [6], CLV, 284 p., [5] h. pleg. ;
Dimensiones 23 cm.
599 ## - NOTA A LAS ILUSTRACIONES
NOTA A LAS ILUSTRACIONES Las h. pleg., modelos oficiales.
650 #4 - PUNTO DE ACCESO ADICIONAL DE MATERIA--TÉRMINO DE MATERIA
Término de materia o nombre geográfico como elemento de entrada Hipotecas-
Subdivisión geográfica España-
Subdivisión de forma Legislación.
9 (RLIN) 13366
710 2# - ENTRADA AGREGADA--NOMBRE DE ENTIDAD CORPORATIVA
Nombre de entidad corporativa o nombre de jurisdicción como elemento de entrada España.
Unidad subordinada Ministerio de Gracia y Justicia.
9 (RLIN) 3873
852 ## - LOCALIZACIÓN
Ubicación ES-MaACL
Número de control de estantería E-13085
Nota libre .- Legado M. de la Fuente
-- -- Enc. hol.
852 ## - LOCALIZACIÓN
Ubicación ES-MaACL
Número de control de estantería C-2443
Nota libre -- Enc. hol.
852 ## - LOCALIZACIÓN
Ubicación ES-MaACL
Número de control de estantería F-14031
Nota libre -- Enc. pasta
Holdings
Estatus retirado Estado de pérdida Estado de daño No para préstamo Colección Biblioteca de origen Biblioteca actual Ubicación en estantería Fecha de adquisición Fuente de adquisición Total de préstamos Signatura topográfica completa Código de barras Visto por última vez Precio de reemplazo Tipo de ítem Koha
        Libros del s. XIX Biblioteca del Ateneo de Madrid Biblioteca del Ateneo de Madrid Sala Pecera Planta 2 17/01/2008     F-14031 1160762 23/02/2023 23/02/2023 Libro impreso antiguo
        Libros del s. XIX Biblioteca del Ateneo de Madrid Biblioteca del Ateneo de Madrid Depósito 2 17/01/2008     E-13085 1160760 23/02/2023 23/02/2023 Libro impreso antiguo
        Libros del s. XIX Biblioteca del Ateneo de Madrid Biblioteca del Ateneo de Madrid Sala Palomar 17/01/2008     C-2443 1160761 23/02/2023 23/02/2023 Libro impreso antiguo